| 000 | 01934cam a2200253 04500 | ||
|---|---|---|---|
| 001 | 4856 | ||
| 010 | _a9728308043 | ||
| 021 | _b145880/99 | ||
| 090 | _a4856 | ||
| 100 | _a20211231d1999 m y0pory5003 ba | ||
| 200 | 1 |
_aDireitos humanos e serviço social _emanual para escolas e profissionais de serviço social _fOrganização das Nações Unidas _gtrad. Raquel Tavares |
|
| 210 | 9 |
_aLisboa _cISSS _d1999 |
|
| 215 | _a163 p. | ||
| 225 | 2 |
_aSérie formação profissional _v1 |
|
| 304 | _aTít. orig.: Human rights and social work | ||
| 330 | _aNo quadro dos objectivos da década das Nações Unidas para a Educação em matéria de Direitos Humanos e na sequência das iniciativas editoriais concretizadas no âmbito das comemorações do 50º Aniversário da Declaração Universal dos Direitos do Homem, o ISSS renova o seu empenho na questão dos Direitos Humanos e Serviço Social: Um Manual para Escolas e Profissionais de Serviço Social, integrada na Série de Formação Profissional da autoria das Nações Unidas. Este manual foi originariamente concebido para a formação de estudantes, pessoal docente e trabalhadores na área do Serviço Social a quem se colocam grandes desafios no sentido de tornar explícita a indivisível relação entre Serviço Social e os Direitos Humanos. Esta obra destina-se igualmente à formação e exercício profissional de um conjunto mais vastos de trabalhadores sociais bem como aos voluntários que exercem a sua actividade no âmbito de diferentes projectos e serviços sociais. Pretende-se igualmente que este livro seja um recurso para todas as organizações e cidadãos preocupados com a promoção e defesa dos Direitos Humanos | ||
| 606 |
_aDireitos Humanos _93454 |
||
| 675 |
_a364.4(075.8) _vBN _zpor |
||
| 675 |
_a342.7(075.8) _vBN _zpor |
||
| 702 |
_aTavares _bRaquel _94738 |
||
| 710 |
_aONU _94737 |
||
| 801 |
_aPT _bBMVN _gRPC |
||
| 830 |
_cTânia Croca _d31/12/2021 |
||
| 990 | _cLIVROS | ||